| 000 | 00839nam a2200205 i 4500 | ||
|---|---|---|---|
| 001 | 21697 | ||
| 003 | ES-MaACL | ||
| 005 | 20230906152528.0 | ||
| 007 | t| | ||
| 008 | 021127s1884 sp ap |||| | spa d | ||
| 245 | 0 | 0 |
_aÁlbum poético _b: colección de composiciones inéditas de los más notables escritores de España, ilustradas con magníficos grabados. |
| 260 |
_aBarcelona : _bRamón Molinas, _c1884. |
||
| 300 |
_a199 p. : _bil. ; _c27 cm. |
||
| 530 | _aDisponible en formato digital. | ||
| 594 | _aEn port.: "Regalo a los señores suscriptores a La Ilustración Ibérica" | ||
| 700 | 1 |
_aMiralles, Hermenegildo. _9139228 |
|
| 700 | 1 |
_aMolinas, Ramón. _9130031 |
|
| 852 |
_aES-MaACL _jB-4768 _z- Enc. ed. en tela estampada de H. Miralles |
||
| 856 |
_uhttp://www.archive.org/details/albumpoticocole00unkngoog _zInternet Archive |
||
| 999 |
_c21697 _d21697 |
||